Селекция озимой пшеницы в центральном регионе Нечерноземья России (Запись № 12540915)

Подробности
000 -МАРКЕР
контрольное поле 01378nam1a2200301 i 4500
001 - ИДЕНТИФИКАТОР ЗАПИСИ
контрольное поле RU\NLR\BIBL_A\012587298
005 - ИДЕНТИФИКАТОР ВЕРСИИ
контрольное поле 20240922023843.0
035 ## - ДРУГИЕ СИСТЕМНЫЕ НОМЕРА
Идентификатор записи (NLR Aleph) 012587298
100 ## - ДАННЫЕ ОБЩЕЙ ОБРАБОТКИ
Данные общей обработки 20210824g2021 k y0rusy50 ca
101 0# - ЯЗЫК РЕСУРСА
Язык текста, звукозаписи и т.д. русский
102 ## - СТРАНА ПУБЛИКАЦИИ ИЛИ ПРОИЗВОДСТВА
Страна публикации российская федерация
105 ## - ПОЛЕ КОДИРОВАННЫХ ДАННЫХ: ТЕКСТОВЫЕ МАТЕРИАЛЫ, МОНОГРАФИЧЕСКИЕ
Кодированные данные о монографическом текстовом документе z
181 #0 - ПОЛЕ КОДИРОВАННЫХ ДАННЫХ: ВИД СОДЕРЖАНИЯ
Код вида содержания (ISBD) i
Код характеристики содержания (ISBD) axxe
182 #0 - ПОЛЕ КОДИРОВАННЫХ ДАННЫХ: ТИП СРЕДСТВА
Код типа средства (ISBD) n - непосредственное
200 1# - ЗАГЛАВИЕ И СВЕДЕНИЯ ОБ ОТВЕТСТВЕННОСТИ
Основное заглавие Селекция озимой пшеницы в центральном регионе Нечерноземья России
Сведения, относящиеся к заглавию избранные труды
Первые сведения об ответственности Б. И. Сандухадзе
203 ## - ВИД СОДЕРЖАНИЯ И ТИП СРЕДСТВА
Вид содержания Текст
Дополнительные сведения об издании визуальный
Тип средства непосредственный
210 ## - ПУБЛИКАЦИЯ, РАСПРОСТРАНЕНИЕ И ДР.
Место издания, распространения и т.д. Москва
Имя издателя, распространителя и т. д. [б. и.]
Дата издания, распространения и т.д. 2021
215 ## - ФИЗИЧЕСКАЯ ХАРАКТЕРИСТИКА
Размеры 21
300 ## - ОБЩИЕ ПРИМЕЧАНИЯ
Текст примечания На 3-й с. авт.: Сандухадзе Б.И., д.с.-х.н., проф., акад. РАН, Засл. деят. науки РФ
309 ## - ПРИМЕЧАНИЯ ОБ ОСНОВНОМ ИСТОЧНИКЕ ИНФОРМАЦИИ И ОБ ОСОБЕННОСТЯХ ПОЛИГРАФИЧЕСКОГО ОФОРМЛЕНИЯ ИЗДАНИЯ
Текст примечания Кн. 1 вышла ненумер.
606 1# - НАИМЕНОВАНИЕ ТЕМЫ КАК ПРЕДМЕТ
Наименование темы Озимая пшеница
Формальный подзаголовок Сборники
Тематический подзаголовок Селекция
Географический подзаголовок Российская Федерация
-- Нечерноземная зона
Системный номер авторитетной/нормативной записи 2290826
Идентификатор авторитетной/нормативной записи RU\NLR\AUTH\661371985
686 1# - ИНДЕКСЫ ДРУГИХ КЛАССИФИКАЦИЙ
Индекс П212.12-31(2Р344)я44
700 #1 - ИМЯ ЛИЦА - ПЕРВИЧНАЯ ОТВЕТСТВЕННОСТЬ
Код отношения Автор
Графика поля Кириллица
Материалы, к которым относится поле rus
Начальный элемент ввода Сандухадзе
Часть имени, кроме начального элемента ввода Б. И.
Даты 1931-
Расширение инициалов личного имени Баграт Исменович
Системный номер авторитетной/нормативной записи 246591
Идентификатор авторитетной/нормативной записи RU\NLR\AUTH\770246647
852 ## - МЕСТОНАХОЖДЕНИЕ И ШИФР ХРАНЕНИЯ
Идентификатор организации NLR
Шифр хранения (Call Number) 2011-5/3982
942 ## - ДОПОЛНИТЕЛЬНЫЕ ЭЛЕМЕНТЫ ЗАПИСИ (АБИС)
Тип экземпляра АБИС Книга

Нет доступных экземпляров.